Normal view
MARC view
- Programming (Mathematics)
Entry Topical Term
001 - CONTROL NUMBER
- control field: 85134
003 - CONTROL NUMBER IDENTIFIER
- control field: NUST
005 - DATE AND TIME OF LATEST TRANSACTION
- control field: 20211125114817.0
008 - FIXED-LENGTH DATA ELEMENTS
- fixed length control field: 211125|| aca||aabn | a|a d
040 ## - CATALOGING SOURCE
- Original cataloging agency: NUST
- Transcribing agency: NUST
150 ## - HEADING--TOPICAL TERM
- Topical term or geographic name entry element: Programming (Mathematics)
670 ## - SOURCE DATA FOUND
- Source citation: Work cat.: (NUST)33569: Taha, Hamdy A. 85132, Operations research :, c2013.
